000 00348nam a22001457a 4500
008 210607b ||||| |||| 00| 0 eng d
020 _a9780801679957
041 _aeng
080 _a541
082 _a541
100 _a12
101 _aKIM
245 _aChemistry the Molecular Nature of Matter and Change
_cMartin Silberberg
942 _2udc
_cBK
999 _c57992
_d57992